| 000 | 00759nam a2200241 4500 | ||
|---|---|---|---|
| 999 |
_c17646 _d17646 |
||
| 008 | 691014s1969 nyua b 001 0 eng | ||
| 020 | _a0030755905 | ||
| 050 | 0 | 0 |
_aHA29 _b.H835 1969 |
| 100 | 1 | _aHultquist, Robert A. | |
| 245 | 1 | 0 |
_aIntroduction to statistics _c[by] Robert A. Hultquist. |
| 260 |
_aNew York, _bHolt, Rinehart and Winston _c[1969] |
||
| 300 |
_axiii, 194 p. _billus. _c24 cm. |
||
| 504 | _aBibliography: p. [185]-188. | ||
| 650 | 0 | _aStatistics. | |
| 942 |
_2lcc _cBOOKS _hHA29 .H835 1969 |
||